Name All Pokemon That Don't Repeat Any Letters - Statistics

General Stats
  • This quiz has been taken 925 times
    917 since last reset
  • The average score is 69 of 221
Answer Stats
Answer % Correct
Pikachu
84%
Squirtle
83%
Ivysaur
81%
Raichu
77%
Mew
74%
Metapod
73%
Pidgey
71%
Pidgeot
68%
Arbok
66%
Ekans
66%
Moltres
60%
Pichu
60%
Zapdos
60%
Fearow
59%
Spearow
59%
Articuno
58%
Onix
56%
Snorlax
56%
Vulpix
53%
Gastly
52%
Jynx
52%
Muk
52%
Dragonite
50%
Golbat
50%
Haunter
50%
Meowth
50%
Zubat
50%
Flareon
49%
Clefairy
48%
Golem
48%
Persian
48%
Scyther
48%
Lugia
47%
Mudkip
47%
Chansey
46%
Growlithe
46%
Machoke
46%
Machop
46%
Cyndaquil
45%
Kabuto
45%
Kyogre
45%
Dugtrio
44%
Poliwag
44%
Grovyle
43%
Horsea
43%
Kabutops
43%
Ponyta
43%
Psyduck
43%
Tauros
43%
Crobat
42%
Mankey
42%
Poliwrath
42%
Staryu
42%
Blaziken
41%
Golduck
41%
Raikou
41%
Starmie
41%
Umbreon
41%
Magby
40%
Omanyte
40%
Combusken
39%
Scizor
39%
Seaking
39%
Swampert
39%
Ralts
38%
Togepi
38%
Hypno
36%
Munchlax
36%
Wurmple
36%
Chespin
35%
Cloyster
35%
Froakie
35%
Miltank
35%
Snivy
35%
Tepig
35%
Deoxys
34%
Glaceon
34%
Grotle
34%
Kingler
34%
Rhydon
34%
Starly
34%
Arceus
33%
Bagon
33%
Cubone
33%
Latios
33%
Ledyba
33%
Lotad
33%
Beldum
32%
Ledian
32%
Sylveon
32%
Zekrom
32%
Zygarde
32%
Lombre
31%
Metang
31%
Shelgon
31%
Delphox
30%
Dustox
30%
Kingdra
30%
Braixen
29%
Emboar
29%
Luxray
29%
Shinx
29%
Tyrogue
29%
Uxie
29%
Xatu
29%
Azelf
28%
Beautifly
28%
Luxio
28%
Natu
28%
Nuzleaf
28%
Shaymin
28%
Slaking
28%
Absol
27%
Aron
27%
Luvdisc
27%
Mesprit
27%
Riolu
27%
Shiftry
27%
Slakoth
27%
Aipom
26%
Axew
26%
Kyurem
26%
Lucario
26%
Mightyena
26%
Numel
26%
Spinda
26%
Budew
25%
Gible
25%
Slowking
25%
Sunflora
25%
Tropius
25%
Deino
24%
Flygon
24%
Gabite
24%
Huntail
24%
Lairon
24%
Mawile
24%
Spheal
24%
Wailmer
24%
Wailord
24%
Bonsly
23%
Burmy
23%
Emolga
23%
Pineco
23%
Quagsire
23%
Roselia
23%
Buizel
22%
Garchomp
22%
Phione
22%
Pidove
22%
Slugma
22%
Swablu
22%
Swinub
22%
Wynaut
22%
Zweilous
22%
Camerupt
21%
Castform
21%
Exploud
21%
Hydreigon
21%
Noibat
21%
Sharpedo
21%
Trapinch
21%
Volbeat
21%
Walrein
21%
Whismur
21%
Anorith
20%
Shedinja
20%
Snover
20%
Spoink
20%
Baltoy
19%
Cradily
19%
Buneary
18%
Cranidos
18%
Florges
18%
Haxorus
18%
Joltik
18%
Relicanth
18%
Shuckle
18%
Tympole
18%
Tynamo
18%
Watchog
18%
Dunsparce
17%
Durant
17%
Gulpin
17%
Landorus
17%
Mantyke
17%
Sawk
17%
Shieldon
17%
Skrelp
17%
Dusknoir
16%
Inkay
16%
Sandile
16%
Swalot
16%
Tornadus
16%
Carbink
15%
Cherubi
15%
Heatmor
15%
Klang
15%
Lampent
15%
Liepard
15%
Skorupi
15%
Stunky
15%
Beartic
14%
Croagunk
14%
Drapion
14%
Glameow
14%
Golurk
14%
Zorua
14%
Archen
13%
Audino
13%
Gliscor
13%
Basculin
12%
Bisharp
12%
Meowstic
12%
Zebstrika
12%
Archeops
11%
Binacle
10%
Clawitzer
10%
Crustle
10%
Mienshao
9%
Scrafty
9%
No matching quizzes found
Score Distribution
Percent of People with Each Score
Percentile by Number Answered
Your Score History
You have not taken this quiz since the last reset